Teoría y práctica de los circuitos de electrónica y de los amplificadores / (Record no. 123600)
[ view plain ]
| 000 -LEADER | |
|---|---|
| campo de control de longitud fija | 01056nam a2200229 i 4500 |
| 001 - NÚMERO DE CONTROL | |
| campo de control | 123600 |
| 003 - IDENTIFICADOR DE NÚMERO DE CONTROL | |
| campo de control | ES-MaACL |
| 005 - FECHA Y HORA DE LA ÚLTIMA TRANSACCIÓN | |
| campo de control | 20230906192215.0 |
| 007 - CAMPO FIJO DE DESCRIPCIÓN FÍSICA--INFORMACIÓN GENERAL | |
| campo de control de longitud fija | t| |
| 008 - DATOS DE LONGITUD FIJA--INFORMACIÓN GENERAL | |
| campo de control de longitud fija | 070214s1967 sp r ||||1| spa d |
| 100 1# - ENTRADA PRINCIPAL--NOMBRE DE PERSONA | |
| Nombre de persona | Quinet, Jean. |
| 9 (RLIN) | 94645 |
| 245 10 - MENCIÓN DEL TÍTULO | |
| Título | Teoría y práctica de los circuitos de electrónica y de los amplificadores / |
| Mención de responsabilidad, etc. | J. Quinet ; prólogo de C. Gutton ; traducción de Dámaso Alvarez Rizo. |
| 260 ## - PUBLICACIÓN, DISTRIBUCIÓN, ETC. | |
| Lugar de publicación, distribución, etc. | Madrid : |
| Nombre del editor, distribuidor, etc. | Paraninfo, |
| Fecha de publicación, distribución, etc. | 1967. |
| 300 ## - DESCRIPCIÓN FÍSICA | |
| Extensión | 3 v. : |
| Otras características físicas | il. ; |
| Dimensiones | 22 cm. |
| 505 8# - NOTA DE CONTENIDO CON FORMATO | |
| Nota de contenido con formato | Contiene: I. Teoria y aplicaciones del cálculo de complejos al estudio de los circuitos de electrónica, 377 p. II. Los amplificadores HF y BF. Los oxiladores y la modulación. Filtros y puertas de medida. 479 p. III. Propagación de la corriente de U.A.F. a lo largo de las lineas Abaco de Smith... 277 |
| 650 04 - PUNTO DE ACCESO ADICIONAL DE MATERIA--TÉRMINO DE MATERIA | |
| Término de materia o nombre geográfico como elemento de entrada | Circuitos electrónicos. |
| 9 (RLIN) | 11045 |
| 650 04 - PUNTO DE ACCESO ADICIONAL DE MATERIA--TÉRMINO DE MATERIA | |
| Término de materia o nombre geográfico como elemento de entrada | Amplificadores de audio. |
| 9 (RLIN) | 9759 |
| 700 1# - ENTRADA AGREGADA--NOMBRE PERSONAL | |
| Nombre de persona | Gutton, C. |
| 9 (RLIN) | 61253 |
| 700 1# - ENTRADA AGREGADA--NOMBRE PERSONAL | |
| Nombre de persona | Alvarez Rizo, Dámaso. |
| 9 (RLIN) | 212017 |
| 852 ## - LOCALIZACIÓN | |
| Ubicación | ES-MaACL |
| Número de control de estantería | C-33264-6 |
| Sublocalización o colección | R.63617 |
| Estatus retirado | Estado de pérdida | Estado de daño | No para préstamo | Biblioteca de origen | Biblioteca actual | Ubicación en estantería | Fecha de adquisición | Fuente de adquisición | Total de préstamos | Signatura topográfica completa | Código de barras | Visto por última vez | Precio de reemplazo | Tipo de ítem Koha |
|---|---|---|---|---|---|---|---|---|---|---|---|---|---|---|
| Biblioteca del Ateneo de Madrid | Biblioteca del Ateneo de Madrid | Depósito 2 | 17/01/2008 | C-33264-6 | 1128776 | 23/02/2023 | 23/02/2023 | Libro impreso |
